<?xml version="1.0" encoding="UTF-8"?>
<record
    xmlns:xsi="http://www.w3.org/2001/XMLSchema-instance"
    xsi:schemaLocation="http://www.loc.gov/MARC21/slim http://www.loc.gov/standards/marcxml/schema/MARC21slim.xsd"
    xmlns="http://www.loc.gov/MARC21/slim">

  <leader>01377nam a22001577a 4500</leader>
  <datafield tag="999" ind1=" " ind2=" ">
    <subfield code="c">517750</subfield>
    <subfield code="d">517750</subfield>
  </datafield>
  <controlfield tag="008">210727b           ||||| |||| 00| 0 eng d</controlfield>
  <datafield tag="100" ind1=" " ind2=" ">
    <subfield code="a">Yan, Bo et al </subfield>
    <subfield code="9">27983</subfield>
  </datafield>
  <datafield tag="245" ind1=" " ind2=" ">
    <subfield code="a">Why do countries respond differently to Covid-19? A comparative study of Sweden, China, France, and Japan</subfield>
  </datafield>
  <datafield tag="260" ind1=" " ind2=" ">
    <subfield code="a">American Review of Public Administration</subfield>
  </datafield>
  <datafield tag="300" ind1=" " ind2=" ">
    <subfield code="a">50(6-7), Aug-Oct, 2020: p.762-769</subfield>
  </datafield>
  <datafield tag="520" ind1=" " ind2=" ">
    <subfield code="a">Nonpharmaceutical interventions (NPIs) are important public health tools to fight against COVID-19. Governments around the world have instituted a variety of NPIs to modify individuals&#x2019; behavior, giving rise to four distinct pandemic response strategies: nudge, mandate, decree, and boost. To better understand the different policy choices involved in these strategies, four countries including Sweden, China, France, and Japan were compared to identify the critical institutional and cultural determinants of national response strategy. The finding shows that various responses regarding same threat are dependent on the distinctive institutional arrangements and cultural orientation of each country, and thus, there is no One-Size-Fits-All strategy. &#x2013; Reproduced </subfield>
  </datafield>
  <datafield tag="650" ind1=" " ind2=" ">
    <subfield code="a">COVID-19, Institutional arrangements, Cultural orientation, Response strategy</subfield>
    <subfield code="9">25878</subfield>
  </datafield>
  <datafield tag="773" ind1=" " ind2=" ">
    <subfield code="a">American Review of Public Administration  </subfield>
  </datafield>
  <datafield tag="906" ind1=" " ind2=" ">
    <subfield code="a">COVID 19 PANDEMIC</subfield>
  </datafield>
  <datafield tag="942" ind1=" " ind2=" ">
    <subfield code="c">AR</subfield>
  </datafield>
  <datafield tag="952" ind1=" " ind2=" ">
    <subfield code="0">0</subfield>
    <subfield code="1">0</subfield>
    <subfield code="2">ddc</subfield>
    <subfield code="4">0</subfield>
    <subfield code="7">0</subfield>
    <subfield code="9">391816</subfield>
    <subfield code="a">IIPA</subfield>
    <subfield code="b">IIPA</subfield>
    <subfield code="d">2021-07-27</subfield>
    <subfield code="h">50(6-7), Aug-Oct, 2020: p.762-769</subfield>
    <subfield code="p">AR124999</subfield>
    <subfield code="r">2021-07-27</subfield>
    <subfield code="y">AR</subfield>
  </datafield>
</record>
